Komenský. Týdenník vychovatelský věnovaný učitelstvu ...

Bibliographic Details
Format: Serial
Language:English
Published: Olomouc Tiskem knihtiskárny "Komenského"

MARC

LEADER 00000nas a2200000 a 4500
001 vtls009089027
003 SK-MaSNL
005 20260221113443.0
008 070824c mr1 0 0eng d
040 |a SNK  |b slo  |c SNK 
245 0 0 |a Komenský. Týdenník vychovatelský věnovaný učitelstvu ... 
260 |a Olomouc  |b Tiskem knihtiskárny "Komenského" 
500 |a Popis podľa: XV; č. 1-52 + obsah; 1887 
910 |a snk 
999 |c 2075  |d 4005 
952 |0 0  |1 1  |4 0  |7 0  |8 3  |a SNK  |b SNK  |d 2007-08-24  |i snkK 1672/73  |l 0  |o snkČC 2205/15/1887  |p 17A0542309  |r 2026-02-21 21:11:34  |w 2026-02-21  |y PREZ